[Event "Aragon-chT"]
[Site "Spain"]
[Date "2004.??.??"]
[Round "?"]
[White "Artal Alegria, Francisco Javier"]
[Black "Caballero Sanz, Jose Javier"]
[Result "1-0"]
[WhiteElo "1958"]
[BlackElo "1816"]
[PlyCount "49"]
[EventDate "2004.01.??"]
[EventType "team-tourn"]
[EventRounds "11"]
[EventCountry "ESP"]
[SourceTitle "EXT 2006"]
[Source "ChessBase"]
[SourceDate "2005.11.24"]
[SourceVersion "1"]
[SourceVersionDate "2005.11.24"]
[SourceQuality "1"]

1. e4 e5 2. Nf3 Nc6 3. d4 exd4 4. c3 dxc3 5. Bc4 d6 6. 0-0 Be6 7. Bxe6 fxe6 8. Qb3 Qd7 9. Nxc3 0-0-0 10. Be3 a6 11. Rac1 Nf6 12. Rfd1 d5 13. Na4 Nxe4 14. Ne5 Qe8 15. Nxc6 bxc6 16. f3 Nd6 17. Nb6+ cxb6 18. Qxb6 Nc4 19. Qxa6+ Kd7 20. Qb7+ Kd6 21. Rxc4 Rb8 22. Bc5+ Ke5 23. Qc7+ Kf6 24. Rf4+ Kg6 25. Rg4+ 1-0